1487 1772 1164 1441 1819 1965 1821 1100 1925 1337 1299 1884 1704 1485 1643 1210 1055 1164 1414 1195 1706 1367 1998 1570 1997 1032 1191 1043 1613 1310 1435 1387 1502 1710 1156 1147 1065 1388 1982 1985 1866 1273 1934 1952 1846 1803 1782 1771 1741 1198 1386 1758 1861 1514 1105 1820 1516 1027 1409 1997 1240 1535 1990 1305 1787 1626 1851 1625 1531 1553 1637 1607 1465 1603 1614 1129 1399 1877 1971 1118 1687 1931 1128 1247 1693 1295 1172 1484 1538 1511 1687 1006 1304 1475 1064 1032 1337 1288 1517 BCNSPRNW ULIB Ver.6.0+V

เปลี่ยนเป็นภาษาไทย

Change to English
 แสดงรายละเอียดบรรณานุกรม
  กลับหน้าหลัก

Brief Record : Get Marc (ISO 2709) : E-mail record : QR code < ปิดหน้าต่าง
LEADER : 00000nam 2200000uu 4500
001    13399112026
003     ULIB
008    110627s2553||||th 000 0 tha d
020    9786167083087
090    นว.^bน494ร 2553
100 0  นาวิกา
245 00 ระบำอสูร/^cนาวิกา
250    พิมพ์ครั้งที่ 2
260    กรุงเทพฯ :^bบิวตี้บุ๊ค,^c2553
300    412 หน้า
710 1  บิวตี้บุ๊ค
945    ^p275^l0^i028093
995    ทศพร
999 ^a ใช้งานได้ทุกระบบ
รายการนี้ยังไม่มีแท็ก
คุณยังไม่ได้ล็อกอิน คุณสามารถมีกิจกรรมร่วมกับเว็บไซต์ได้ แต่ต้องล็อกอินก่อน ::
  ล็อกอิน

รายการสื่อสารสนเทศ

ลำดับที่ ประเภท เลขเรียก/บาร์โค้ด สถานที่ สถานะ
- ไม่พบข้อมูล -

BibComment


ยังไม่เคยถูกคอมเมนท์

คอมเมนท์ทรัพยากรรายการนี้
  คอมเมนท์: ระบำอสูร นาวิกา


 Copyright 2026. Bcnsprnw @Library